[Event "1. OEsterreichische Internet Schach Meisterschaft - Vorrunde 1"]
[Site "Online - Playchess.com"]
[Date ""]
[Round "6"]
[Board "17"]
[White "Novkovic, Julia"]
[Black "Schernthaner, David"]
[Result "0-1"]
[WhiteElo "2170"]
[BlackElo "2220"]
[PlyCount "152"]
[EventDate "2020.04.11"]
[EventRounds "9"]
[EventCountry "AUT"]

1. e4 e6 2. d4 d5 3. Nd2 c5 4. exd5 Qxd5 5. dxc5 Qxc5 6. Ngf3 Nf6 7. Nb3 Qc7 8.
Bg5 Be7 9. Bd3 h6 10. Bh4 O-O 11. Qe2 Nc6 12. c3 b6 13. Bg3 Bd6 14. Bxd6 Qxd6
15. O-O-O Qc7 16. Nbd4 Bb7 17. Kb1 Nxd4 18. Nxd4 Nd5 19. Qc2 Rac8 20. Rhe1 a6
21. g3 b5 22. Qe2 b4 23. c4 Nf6 24. b3 Rfd8 25. Bc2 Qc5 26. Nf3 a5 27. Ne5 Qc7
28. f4 a4 29. Rxd8+ Rxd8 30. Rd1 axb3 31. axb3 Rxd1+ 32. Qxd1 Ne4 33. Qd7 Qxd7
34. Nxd7 Nd2+ 35. Kb2 Nf1 36. Nc5 Bc8 37. Nd3 Nxh2 38. Nxb4 Nf1 39. Nc6 Kf8 40.
g4 Ne3 41. Be4 Nxg4 42. b4 Nf6 43. Bf3 g5 44. fxg5 hxg5 45. Ne5 Ke7 46. Kc3 Nd7
47. Nc6+ Kd6 48. Nd8 f5 49. Nf7+ Kc7 50. Nxg5 Ne5 51. Kd4 Ng6 52. Kc5 e5 53.
Bh5 Nf4 54. Bf3 Nd3+ 55. Kb5 Bd7+ 56. Ka5 e4 57. Be2 Nc1 58. Bf1 e3 59. b5 e2
60. Bxe2 Nxe2 61. c5 Nd4 62. b6+ Kb7 63. Ne4 fxe4 64. Kb4 Kc6 65. Kc4 Ne6 66.
Kc3 Nxc5 67. Kd2 Kxb6 68. Ke3 Kc6 69. Kd4 Kd6 70. Ke3 Ke5 71. Ke2 Kd4 72. Kd2
e3+ 73. Ke2 Ke4 74. Kd1 Kd3 75. Ke1 e2 76. Kf2 Kd2 {Julka gibt auf}  0-1

[Event "1. OEsterreichische Internet Schach Meisterschaft - Vorrunde 1"]
[Site "Online - Playchess.com"]
[Date ""]
[Round "6"]
[Board "18"]
[White "Trippold, Denise"]
[Black "Knoll, Martin"]
[Result "1-0"]
[WhiteElo "2150"]
[BlackElo "2018"]
[PlyCount "75"]
[EventDate "2020.04.11"]
[EventRounds "9"]
[EventCountry "AUT"]

1. d4 f5 2. g3 Nf6 3. Bg2 g6 4. Nf3 Bg7 5. O-O O-O 6. c4 c6 7. Nc3 d6 8. d5 c5
9. Qc2 a6 10. e4 fxe4 11. Nxe4 Bf5 12. Nxf6+ Bxf6 13. Qe2 Nd7 14. Bh6 Re8 15.
h3 e6 16. Qd2 Be4 17. dxe6 Rxe6 18. Ng5 Bxg5 19. Bxg5 Qe8 20. Bxe4 Rxe4 21.
Qxd6 Ne5 22. Qd5+ Nf7 23. Bf4 g5 24. Be3 b6 25. b3 Rd8 26. Qf5 h6 27. Rad1 Nd6
28. Qf3 Qe7 29. Rd5 Rf8 30. Qh5 Rxe3 31. Qg6+ Qg7 32. Qxg7+ Kxg7 33. fxe3 Rxf1+
34. Kxf1 Ne4 35. Kg2 Kf6 36. Kf3 Nc3 37. Rd6+ Ke5 38. Rxb6 {Knohly gibt auf}
 1-0

[Event "1. OEsterreichische Internet Schach Meisterschaft - Vorrunde 1"]
[Site "Online - Playchess.com"]
[Date ""]
[Round "6"]
[Board "19"]
[White "Charaus, Florian"]
[Black "Moritz, Christian"]
[Result "1-0"]
[WhiteElo "2055"]
[BlackElo "2077"]
[PlyCount "91"]
[EventDate "2020.04.11"]
[EventRounds "9"]
[EventCountry "AUT"]

1. d4 e6 2. c4 Bb4+ 3. Bd2 a5 4. Nf3 f5 5. Nc3 Nf6 6. g3 O-O 7. Bg2 Be7 8. O-O
d6 9. Qc2 Nc6 10. a3 e5 11. dxe5 dxe5 12. Rad1 e4 13. Bf4 Bd6 14. Bxd6 cxd6 15.
Nd4 Ne5 16. b3 Bd7 17. Ndb5 d5 18. Nxd5 Nxd5 19. Rxd5 Qe7 20. Qc3 Ng4 21. Rfd1
Bxb5 22. cxb5 Qxa3 23. Rd7 Nf6 24. Rxb7 Rac8 25. Qe5 Qc5 26. Qe6+ Kh8 27. Bh3
Ng4 28. e3 Qc2 29. Rf1 Rc7 30. Rxc7 Qxc7 31. b6 Qb7 32. Bxg4 fxg4 33. Rc1 h6
34. Rc7 Qa6 35. Qe7 Rg8 36. b7 Qe2 37. Qd7 Qe1+ 38. Kg2 Qb4 39. Rc8 Rf8 40.
Rxf8+ Qxf8 41. Qd5 Qf3+ 42. Kg1 Kh7 43. b8=Q Qe2 44. Qbe5 Qe1+ 45. Kg2 Qb4 46.
Qf5+ {Hardigatti gibt auf}  1-0

[Event "1. OEsterreichische Internet Schach Meisterschaft - Vorrunde 1"]
[Site "Online - Playchess.com"]
[Date ""]
[Round "6"]
[Board "21"]
[White "Soelkner, Julian"]
[Black "Kilgus, Georg"]
[Result "0-1"]
[WhiteElo "1484"]
[BlackElo "2461"]
[PlyCount "78"]
[EventDate "2020.04.11"]
[EventRounds "9"]
[EventCountry "AUT"]

1. e4 c5 2. Nf3 e6 3. d4 cxd4 4. Nxd4 Nc6 5. Nc3 Qc7 6. Be3 a6 7. Bd3 b5 8. O-O
Bb7 9. Qd2 Nf6 10. f3 Nxd4 11. Bxd4 Bc5 12. Bxc5 Qxc5+ 13. Kh1 O-O 14. Rfd1 d6
15. a3 Rac8 16. Qe2 Kh8 17. Rac1 Qe5 18. Rd2 g5 19. Nd1 Nh5 20. c3 Nf4 21. Qf1
Rg8 22. Bb1 g4 23. fxg4 Rxg4 24. Ne3 Rg5 25. Qf3 Rcg8 26. Rg1 Ng6 27. Ng4 Qf4
28. Qxf4 Nxf4 29. Rxd6 Rxg4 30. Rd2 f5 31. g3 fxe4 32. Rd7 Bd5 33. c4 bxc4 34.
Bc2 Nd3 35. Rf1 e3+ 36. Kg1 e2 37. Rff7 e1=Q+ 38. Rf1 Rxg3+ 39. hxg3 Qxg3#  0-1

[Event "1. OEsterreichische Internet Schach Meisterschaft - Vorrunde 1"]
[Site "Online - Playchess.com"]
[Date ""]
[Round "6"]
[Board "22"]
[White "Poecksteiner, Johann"]
[Black "Schneider-Zinner, Harald"]
[Result "1-0"]
[WhiteElo "2155"]
[BlackElo "2381"]
[PlyCount "99"]
[EventDate "2020.04.11"]
[EventRounds "9"]
[EventCountry "AUT"]

1. d4 d5 2. Nf3 Nf6 3. Bf4 c5 4. e3 Nc6 5. c3 Qb6 6. b3 Bf5 7. Nbd2 e6 8. h3
cxd4 9. exd4 Be7 10. Ne5 O-O 11. g4 Be4 12. f3 Bg6 13. h4 Nxd4 14. cxd4 Qxd4
15. Bg3 Rfc8 16. Nxg6 hxg6 17. Bf2 Qf4 18. Bd3 Bb4 19. Ke2 Rc7 20. Be3 Qe5 21.
f4 Qb2 22. Kf3 Rac8 23. Qe2 e5 24. a3 e4+ 25. Kg2 exd3 26. Qxd3 Qc3 27. Qxc3
Bxc3 28. Rad1 d4 29. Bg1 Nd5 30. Ne4 Nxf4+ 31. Kf3 Ne6 32. h5 g5 33. h6 gxh6
34. Rxh6 Kg7 35. Rh5 Rh8 36. Bh2 Rxh5 37. gxh5 Rc8 38. Be5+ Kh6 39. Nf6 Rc5 40.
Ke4 g4 41. Nxg4+ Kxh5 42. Rg1 Ng5+ 43. Kf5 f6 44. Nxf6+ Kh6 45. Ng8+ Kh7 46.
Rxg5 d3 47. Nf6+ Kh6 48. Ng4+ Kh7 49. Nf6+ Kh6 50. Rg6#  1-0

[Event "1. OEsterreichische Internet Schach Meisterschaft - Vorrunde 1"]
[Site "Online - Playchess.com"]
[Date ""]
[Round "6"]
[Board "23"]
[White "Hechl, Gerald"]
[Black "Hofstadler, Mario"]
[Result "0-1"]
[WhiteElo "2333"]
[BlackElo "1867"]
[PlyCount "94"]
[EventDate "2020.04.11"]
[EventRounds "9"]
[EventCountry "AUT"]

1. Nc3 Nf6 2. e4 d6 3. d4 g6 4. f4 Bg7 5. Nf3 O-O 6. a3 Nbd7 7. e5 Ne8 8. h4 c5
9. e6 fxe6 10. Ng5 Ndf6 11. dxc5 Qc7 12. h5 dxc5 13. hxg6 hxg6 14. Bc4 Qc6 15.
Qe2 Nd5 16. Bd2 Nxf4 17. Bxf4 Rxf4 18. Nxe6 Rxc4 19. Nxg7 Nxg7 20. Qxc4+ Be6
21. Qe2 Rd8 22. O-O Nf5 23. Qe5 Rd2 24. Ne4 Rd4 25. Rae1 Bd5 26. Qb8+ Kg7 27.
Ng5 Rg4 28. Qe5+ Kh6 29. Nf3 Bxf3 30. Rxf3 Nh4 31. Qh8+ Kg5 32. Re5+ Nf5 33.
Rexf5+ gxf5 34. Qh3 Qe4 35. Kh2 Qe5+ 36. Rg3 Qe4 37. Rxg4+ fxg4 38. Qg3 Qf5 39.
Qe3+ Qf4+ 40. Qxf4+ Kxf4 41. c4 e5 42. g3+ Kf3 43. b4 e4 44. Kg1 e3 45. Kf1
Kxg3 46. Ke2 Kh2 47. Kxe3 g3 {Drawgerry gibt auf}  0-1

[Event "1. OEsterreichische Internet Schach Meisterschaft - Vorrunde 1"]
[Site "Online - Playchess.com"]
[Date ""]
[Round "6"]
[Board "24"]
[White "Riemelmoser, Stefan"]
[Black "Dietmayer-Kraeutler, Marco"]
[Result "0-1"]
[WhiteElo "2046"]
[BlackElo "2284"]
[PlyCount "92"]
[EventDate "2020.04.11"]
[EventRounds "9"]
[EventCountry "AUT"]

1. e4 d5 2. exd5 Qxd5 3. Nc3 Qa5 4. d4 Nf6 5. Bd2 c6 6. Bc4 Bg4 7. f3 Bh5 8.
Qe2 e6 9. Nh3 Nbd7 10. Nf4 Bg6 11. O-O-O Be7 12. Rhe1 Qc7 13. Bxe6 O-O-O 14.
Bh3 Bd6 15. Nxg6 hxg6 16. Bxd7+ Rxd7 17. h3 Bb4 18. Qc4 Qa5 19. Kb1 Rhd8 20. a3
Bxc3 21. Bxc3 Qg5 22. Re2 Nd5 23. Bd2 Qg3 24. Qc5 Kb8 25. a4 Rc8 26. a5 b6 27.
axb6 axb6 28. Qa3 Kb7 29. Qb3 Ra8 30. c4 Nc7 31. c5 Nb5 32. cxb6 Nxd4 33. Qe3
Nxe2 34. Qxe2 Qd6 35. Kc2 Rad8 36. Qe3 Qe6 37. Qc3 Qf5+ 38. Kc1 Qb5 39. Qe3
Qc4+ 40. Qc3 Qxc3+ 41. bxc3 Kxb6 42. Be3+ Kb5 43. Re1 Re8 44. Kc2 Kc4 45. Re2
Rd3 46. Rd2 Rexe3  0-1

[Event "1. OEsterreichische Internet Schach Meisterschaft - Vorrunde 1"]
[Site "Online - Playchess.com"]
[Date ""]
[Round "6"]
[Board "25"]
[White "Kucharski, Michael"]
[Black "Pali, Philipp"]
[Result "1/2-1/2"]
[WhiteElo "1927"]
[BlackElo "2245"]
[PlyCount "52"]
[EventDate "2020.04.11"]
[EventRounds "9"]
[EventCountry "AUT"]

1. d4 Nf6 2. c4 e6 3. Nc3 Bb4 4. Qc2 O-O 5. a3 Bxc3+ 6. Qxc3 b5 7. cxb5 a6 8.
bxa6 Bxa6 9. Bg5 d5 10. Rc1 Nbd7 11. Nf3 h6 12. Bxf6 Nxf6 13. Nd2 Rb8 14. b4
Qd7 15. e3 Bxf1 16. Kxf1 Qb5+ 17. Ke1 Ra8 18. f3 Ra7 19. Kf2 Rfa8 20. Nb1 h5
21. h4 g6 22. Rhd1 Kg7 23. Qc6 Qb8 24. Qc3 Qb5 25. Qc6 Qb8 26. Qc3 Qb5  1/2-1/2

[Event "1. OEsterreichische Internet Schach Meisterschaft - Vorrunde 1"]
[Site "Online - Playchess.com"]
[Date ""]
[Round "6"]
[Board "26"]
[White "Gelbenegger, Patrick"]
[Black "Kienboeck, Benjamin"]
[Result "1-0"]
[WhiteElo "2240"]
[BlackElo "1922"]
[PlyCount "87"]
[EventDate "2020.04.11"]
[EventRounds "9"]
[EventCountry "AUT"]

1. e4 c5 2. Nf3 d6 3. d4 cxd4 4. Nxd4 Nf6 5. Nc3 a6 6. Be2 e6 7. O-O Be7 8. Kh1
O-O 9. f3 Nc6 10. Be3 Qc7 11. f4 b5 12. a3 Bb7 13. Bd3 Rac8 14. Qe1 Rfd8 15.
Qg3 d5 16. e5 Ne8 17. Qh3 g6 18. Nxe6 fxe6 19. Qxe6+ Kg7 20. Nxd5 Qd7 21. Qxd7
Rxd7 22. Nb6 Rcd8 23. Nxd7 Rxd7 24. Rad1 Nc7 25. Be4 Rxd1 26. Rxd1 Na5 27. Bxb7
Nxb7 28. Rd7 Nd5 29. Rxd5 Kf7 30. Rd7 Nd8 31. Bc5 Nc6 32. Bxe7 Nxe7 33. Ra7 Ke6
34. Rxa6+ Kf5 35. g3 Nd5 36. Rc6 g5 37. Rc5 Nxf4 38. gxf4 gxf4 39. Kg2 Ke4 40.
Kf2 Kd4 41. Rxb5 h5 42. e6 f3 43. Rb4+ Kc5 44. e7 {Zeit}  1-0

[Event "1. OEsterreichische Internet Schach Meisterschaft - Vorrunde 1"]
[Site "Online - Playchess.com"]
[Date ""]
[Round "6"]
[Board "27"]
[White "Fuchs, Georg"]
[Black "Kranz, Armin"]
[Result "1-0"]
[WhiteElo "2234"]
[BlackElo "2119"]
[PlyCount "47"]
[EventDate "2020.04.11"]
[EventRounds "9"]
[EventCountry "AUT"]

1. e4 e5 2. Nf3 Nc6 3. Nc3 Nf6 4. d4 exd4 5. Nxd4 Bb4 6. Nxc6 bxc6 7. Bd3 d5 8.
exd5 cxd5 9. O-O O-O 10. Bg5 c6 11. Qf3 Be7 12. Rfe1 Be6 13. h3 a5 14. Ne2 c5
15. Bf5 Bxf5 16. Qxf5 Rb8 17. b3 Re8 18. Rad1 d4 19. c3 h6 20. Bf4 Nd5 21. Bxb8
g6 22. Qe5 Bf6 23. Qd6 Qxd6 24. Bxd6  1-0

[Event "1. OEsterreichische Internet Schach Meisterschaft - Vorrunde 1"]
[Site "Online - Playchess.com"]
[Date ""]
[Round "6"]
[Board "28"]
[White "Kruckenhauser, Arthur"]
[Black "Schein, Karl-Heinz"]
[Result "1-0"]
[WhiteElo "2233"]
[BlackElo "2187"]
[PlyCount "79"]
[EventDate "2020.04.11"]
[EventRounds "9"]
[EventCountry "AUT"]

1. e4 c5 2. Nf3 Nc6 3. d4 cxd4 4. Nxd4 Nf6 5. Nc3 d6 6. Bg5 Bd7 7. Qd2 Rc8 8.
O-O-O Nxd4 9. Qxd4 Qa5 10. Bxf6 gxf6 11. f4 Bg7 12. f5 Qc5 13. Be2 O-O 14. Qd2
b5 15. Kb1 b4 16. Nd5 Rfe8 17. g4 e6 18. Nxb4 Ba4 19. h4 a5 20. a3 Qb6 21. b3
axb4 22. bxa4 bxa3+ 23. Bb5 Rc5 24. Ka2 Rec8 25. Rc1 d5 26. Rhe1 Rc3 27. g5
fxg5 28. hxg5 Qc5 29. Re2 Qd4 30. f6 Qxd2 31. Rxd2 Bf8 32. exd5 exd5 33. Bd3
Rb8 34. Rb1 Rxb1 35. Kxb1 Rc5 36. Rh2 h6 37. gxh6 Rc6 38. h7+ Kh8 39. Rg2 Rxf6
40. Rg8#  1-0

[Event "1. OEsterreichische Internet Schach Meisterschaft - Vorrunde 1"]
[Site "Online - Playchess.com"]
[Date ""]
[Round "6"]
[Board "29"]
[White "Brod, Manfred"]
[Black "Hessenberger, Andreas"]
[Result "0-1"]
[WhiteElo "2211"]
[BlackElo "2019"]
[PlyCount "70"]
[EventDate "2020.04.11"]
[EventRounds "9"]
[EventCountry "AUT"]

1. e4 d6 2. d4 Nd7 3. Nf3 g6 4. Bc4 Bg7 5. Ng5 e6 6. Bxe6 fxe6 7. Nxe6 Qe7 8.
Nxc7+ Kd8 9. Nxa8 Qxe4+ 10. Be3 Ngf6 11. O-O Nd5 12. Nc3 Nxc3 13. bxc3 Nf6 14.
d5 Ng4 15. Bxa7 Bxc3 16. Rb1 Qe5 17. g3 Qh5 18. h4 g5 19. Bb6+ Kd7 20. Qe2 Re8
21. Qb5+ Ke7 22. Rbe1+ Be5 23. f4 gxf4 24. Rxf4 Bd7 25. Qe2 Rxa8 26. Bc7 Rg8
27. Bxd6+ Kxd6 28. Qc4 Bxf4 29. Qxf4+ Kc5 30. a3 Qxd5 31. Qb4+ Kc6 32. Qa4+ Kc7
33. Re7 Qc5+ 34. Kg2 Qxe7 35. Qc4+ Bc6+ {Zeit}  0-1

[Event "1. OEsterreichische Internet Schach Meisterschaft - Vorrunde 1"]
[Site "Online - Playchess.com"]
[Date ""]
[Round "6"]
[Board "30"]
[White "Schwarz, Christian"]
[Black "Pirker, Christian"]
[Result "1/2-1/2"]
[WhiteElo "1948"]
[BlackElo "2167"]
[PlyCount "133"]
[EventDate "2020.04.11"]
[EventRounds "9"]
[EventCountry "AUT"]

1. d4 d5 2. c4 e6 3. Nc3 Nf6 4. Bg5 Be7 5. e3 h6 6. Bh4 O-O 7. Nf3 b6 8. Rc1
Bb7 9. Be2 dxc4 10. Bxc4 Nbd7 11. O-O c5 12. Bd3 Rc8 13. Bb1 Nd5 14. Bxe7 Qxe7
15. Nxd5 Bxd5 16. e4 Bb7 17. e5 Rfd8 18. Qd3 Nf8 19. Qe3 Qd7 20. dxc5 bxc5 21.
Rxc5 Rxc5 22. Qxc5 Bxf3 23. gxf3 Qb7 24. Qc3 Rc8 25. Qe3 Qxb2 26. f4 Qb4 27. f5
Qg4+ 28. Kh1 exf5 29. Rg1 Qh5 30. Qf4 Rd8 31. Bxf5 Rd1 32. Bg4 Rxg1+ 33. Kxg1
Qg6 34. Kh1 Qb1+ 35. Kg2 Qxa2 36. Qd4 Ne6 37. Qd6 g6 38. Bf3 Qc4 39. Qb8+ Kg7
40. Qxa7 Qf4 41. Qa1 Kh7 42. Qc3 Ng5 43. Bd5 Qg4+ 44. Qg3 Qd4 45. Bb3 Qe4+ 46.
Kf1 Nf3 47. Bxf7 Nxe5 48. Bb3 h5 49. Qc3 Kh6 50. Qc1+ g5 51. Qb2 Qh1+ 52. Ke2
Qe4+ 53. Kd1 Qd3+ 54. Kc1 Qe4 55. Bc2 Nd3+ 56. Bxd3 Qxd3 57. Qf6+ Qg6 58. Qf8+
Qg7 59. Qxg7+ Kxg7 60. Kd2 Kf6 61. Ke3 Ke5 62. Kf3 Kf5 63. Kg3 Ke4 64. f3+ Ke3
65. h4 gxh4+ 66. Kxh4 Kxf3 67. Kxh5  1/2-1/2

[Event "1. OEsterreichische Internet Schach Meisterschaft - Vorrunde 1"]
[Site "Online - Playchess.com"]
[Date ""]
[Round "6"]
[Board "31"]
[White "Holzleithner, Johannes"]
[Black "Doskocil, Klaus"]
[Result "1-0"]
[WhiteElo "1979"]
[BlackElo "2157"]
[PlyCount "73"]
[EventDate "2020.04.11"]
[EventRounds "9"]
[EventCountry "AUT"]

1. e4 c5 2. Be2 Nc6 3. d3 e5 4. f4 d6 5. Nf3 g6 6. O-O Bg7 7. c3 Nf6 8. Na3 O-O
9. Be3 a6 10. fxe5 Ng4 11. Bf4 dxe5 12. Bg3 Ne3 13. Qd2 Nxf1 14. Rxf1 f6 15.
Qe3 b6 16. Nc2 Be6 17. d4 cxd4 18. cxd4 Nxd4 19. Ncxd4 exd4 20. Nxd4 Bf7 21.
Rd1 Qe7 22. Nc6 Qb7 23. Nb4 Rfe8 24. Bf3 Rad8 25. Rc1 a5 26. Rc7 Qa8 27. e5
fxe5 28. Bxa8 Rxa8 29. Nc6 Bd5 30. Ne7+ Rxe7 31. Rxe7 e4 32. Rxg7+ Kxg7 33.
Qd4+ Kh6 34. Qxd5 Rc8 35. Bf4+ Kg7 36. Qd7+ Kf6 37. Qxc8  1-0

[Event "1. OEsterreichische Internet Schach Meisterschaft - Vorrunde 1"]
[Site "Online - Playchess.com"]
[Date ""]
[Round "6"]
[Board "32"]
[White "Missethan, Michael"]
[Black "Strodl, Joachim"]
[Result "0-1"]
[WhiteElo "2015"]
[BlackElo "2137"]
[PlyCount "134"]
[EventDate "2020.04.11"]
[EventRounds "9"]
[EventCountry "AUT"]

1. e4 c5 2. Nf3 g6 3. Nc3 Bg7 4. d4 cxd4 5. Nxd4 Nc6 6. Nxc6 bxc6 7. Bd3 d6 8.
O-O Nf6 9. Bg5 O-O 10. Re1 h6 11. Bh4 Rb8 12. Rb1 Nh5 13. Be2 Nf4 14. Bf3 Re8
15. Bg3 e5 16. Qd2 Ne6 17. Ne2 Nd4 18. Nxd4 exd4 19. Bf4 Be6 20. b3 g5 21. Bg3
c5 22. e5 d5 23. Qd3 g4 24. Be2 Qa5 25. a4 Qc3 26. Qxc3 dxc3 27. f4 gxf3 28.
gxf3 Bf5 29. Bb5 Rxb5 30. axb5 Bxc2 31. Rbc1 Bxb3 32. Rxc3 Bc4 33. f4 Bf8 34.
Rb1 f6 35. b6 axb6 36. Rxb6 fxe5 37. fxe5 Bg7 38. Re3 d4 39. Re4 Bd5 40. Re1
Bf3 41. Rc1 d3 42. Rd6 Be2 43. Rxc5 h5 44. Rc7 Rf8 45. Rg6 Rf7 46. Rxf7 Kxf7
47. Rd6 Bf8 48. Rd5 Ke6 49. Rd8 Bc5+ 50. Kg2 Be7 51. Rd4 Bg5 52. h4 Be3 53. Rd8
d2 54. Rxd2 Bxd2 55. Kf2 Bg4 56. Kg2 Bc3 57. Kh2 Bxe5 58. Bxe5 Kxe5 59. Kg3 Ke4
60. Kh2 Kf3 61. Kh1 Kg3 62. Kg1 Kxh4 63. Kh2 Bf3 64. Kg1 Kg3 65. Kf1 h4 66. Kg1
h3 67. Kf1 h2 {Mmikey gibt auf}  0-1

[Event "1. OEsterreichische Internet Schach Meisterschaft - Vorrunde 1"]
[Site "Online - Playchess.com"]
[Date ""]
[Round "6"]
[Board "33"]
[White "Schloffer, Jasmin-Denise"]
[Black "Hofer, Maximilian"]
[Result "1-0"]
[WhiteElo "2110"]
[BlackElo "2108"]
[PlyCount "155"]
[EventDate "2020.04.11"]
[EventRounds "9"]
[EventCountry "AUT"]

1. d4 Nf6 2. c4 g6 3. Nc3 Bg7 4. e4 d6 5. Be2 O-O 6. Be3 e5 7. d5 a5 8. g4 b6
9. h4 Na6 10. h5 Nc5 11. f3 Ne8 12. Qd2 f5 13. hxg6 hxg6 14. Bh6 f4 15. Bd1 Nf6
16. Bc2 Kf7 17. Bxg7 Kxg7 18. O-O-O Rh8 19. Rxh8 Qxh8 20. Nb5 Ba6 21. Nxc7 Rc8
22. Nxa6 Nxa6 23. Qe2 Nb4 24. Kb1 Rc5 25. Bd3 a4 26. Rc1 Qa8 27. Nh3 Nh7 28.
Nf2 a3 29. b3 Ng5 30. Rh1 Qa5 31. Nd1 Nf7 32. Nc3 Nxd3 33. Qxd3 Ng5 34. Nb5 Qa8
35. Nxd6 Nf7 36. Nxf7 Kxf7 37. Qf1 Rc8 38. Rh7+ Kf6 39. Qh1 Rg8 40. Qh4+ g5 41.
Qh5 Rg6 42. Rh6 Qe8 43. Rxg6+ Qxg6 44. Qxg6+ Kxg6 45. Kc2 Kf6 46. Kc3 Ke7 47.
b4 Kd6 48. c5+ bxc5 49. bxc5+ Kxc5 50. Kb3 Kd4 51. d6 Ke3 52. d7 Kxf3 53. d8=Q
Kg2 54. Qd2+ Kg3 55. Qe2 f3 56. Qe3 Kg2 57. Kxa3 f2 58. Qe2 Kg1 59. Kb4 f1=Q
60. Qxf1+ Kxf1 61. a4 Kf2 62. a5 Kg3 63. a6 Kxg4 64. a7 Kf4 65. a8=Q g4 66. Kc4
g3 67. Kd5 Kf3 68. Qa1 g2 69. Qg1 Kg3 70. Kxe5 Kf3 71. Kf5 Kg3 72. e5 Kf3 73.
e6 Kg3 74. e7 Kh3 75. e8=Q Kh4 76. Qg8 Kh3 77. Q8xg2+ Kh4 78. Q1h1#  1-0

[Event "1. OEsterreichische Internet Schach Meisterschaft - Vorrunde 1"]
[Site "Online - Playchess.com"]
[Date ""]
[Round "6"]
[Board "34"]
[White "Maierhofer, Johann"]
[Black "Weichhart, Daniel"]
[Result "1-0"]
[WhiteElo "2087"]
[BlackElo "1648"]
[PlyCount "49"]
[EventDate "2020.04.11"]
[EventRounds "9"]
[EventCountry "AUT"]

1. e4 e5 2. Nc3 Nc6 3. Bc4 Bb4 4. Nge2 d6 5. O-O Nge7 6. d3 O-O 7. f4 exf4 8.
Bxf4 Ng6 9. Be3 Na5 10. Bb3 Nxb3 11. axb3 a6 12. Nd5 Bc5 13. Bxc5 dxc5 14. Ng3
c6 15. Nc3 b5 16. Qe2 Ne5 17. h3 Qd4+ 18. Kh2 Be6 19. Nf5 Bxf5 20. Rxf5 Qd6 21.
Kh1 Ng6 22. Qf2 Qd4 23. Qg3 b4 24. Na4 Qxb2 25. Nxb2  1-0

[Event "1. OEsterreichische Internet Schach Meisterschaft - Vorrunde 1"]
[Site "Online - Playchess.com"]
[Date ""]
[Round "6"]
[Board "35"]
[White "Meglitsch, Konstantin"]
[Black "Streiter, Gerhard"]
[Result "1-0"]
[WhiteElo "2041"]
[BlackElo "1964"]
[PlyCount "73"]
[EventDate "2020.04.11"]
[EventRounds "9"]
[EventCountry "AUT"]

1. e4 c5 2. Nc3 Nc6 3. g3 g6 4. d3 Bg7 5. Be3 d6 6. Qd2 e6 7. Bg2 Rb8 8. Nge2
b5 9. O-O b4 10. Nd1 Nge7 11. d4 c4 12. f4 d5 13. c3 a5 14. g4 f5 15. exf5 exf5
16. gxf5 Nxf5 17. Ng3 O-O 18. Nxf5 Bxf5 19. Nf2 Re8 20. Rfe1 Qd7 21. Nh1 Be4
22. Bxe4 Rxe4 23. Ng3 Re7 24. f5 gxf5 25. Bg5 Rf7 26. Re2 Bf6 27. Bh6 Re8 28.
Rae1 Rfe7 29. Nh5 Bh4 30. Rg2+ Kh8 31. Rxe7 Rxe7 32. Bg7+ Rxg7 33. Rxg7 Qe6 34.
Rg2 Be1 35. Qe2 Qxe2 36. Rxe2 Bh4 37. Re8#  1-0

[Event "1. OEsterreichische Internet Schach Meisterschaft - Vorrunde 1"]
[Site "Online - Playchess.com"]
[Date ""]
[Round "6"]
[Board "36"]
[White "Kwech, Andreas"]
[Black "Mostbauer, Florian"]
[Result "0-1"]
[WhiteElo "1901"]
[BlackElo "2309"]
[PlyCount "134"]
[EventDate "2020.04.11"]
[EventRounds "9"]
[EventCountry "AUT"]

1. e4 c6 2. d4 d5 3. Nc3 dxe4 4. Nxe4 Nd7 5. Nf3 Ngf6 6. Neg5 h6 7. Nh3 g5 8.
Nhg1 Bg7 9. c3 Qc7 10. Bd3 e5 11. dxe5 Nxe5 12. Nxe5 Qxe5+ 13. Qe2 Qxe2+ 14.
Nxe2 O-O 15. O-O Be6 16. Nd4 Bd5 17. Re1 Rfe8 18. Bd2 Ne4 19. Be3 a6 20. Nf5
Bf8 21. Bxe4 Bxe4 22. Ng3 Bg6 23. Rad1 Rad8 24. Bb6 Rxd1 25. Rxd1 f5 26. Kf1 f4
27. Ne2 Kf7 28. f3 Bg7 29. Bd4 Rd8 30. Ke1 Bf8 31. Bf2 Rxd1+ 32. Kxd1 c5 33.
Kd2 Ke6 34. Nc1 Kd5 35. b3 b5 36. Nd3 h5 37. h3 Bd6 38. Nb2 Bf5 39. c4+ Kc6 40.
Nd3 g4 41. hxg4 hxg4 42. fxg4 Bxg4 43. Nb2 Bf5 44. Nd3 Be4 45. Ne1 Kd7 46. Nf3
b4 47. Kc1 Bc6 48. Kb2 a5 49. a3 Ke6 50. axb4 axb4 51. Kc2 Kf5 52. Kd2 Kg4 53.
Bxc5 Bxc5 54. Ne5+ Kg3 55. Nxc6 Kxg2 56. Ne5 f3 57. Nxf3 Kxf3 58. Kd3 Kf4 59.
Kd2 Ke4 60. Ke2 Kd4 61. Kd2 Bf8 62. Kc2 Bh6 63. Kb2 Bg5 64. Kc2 Be3 65. Kb2 Kd3
66. Kb1 Kc3 67. Ka2 Kc2 {Akwech gibt auf}  0-1

[Event "1. OEsterreichische Internet Schach Meisterschaft - Vorrunde 1"]
[Site "Online - Playchess.com"]
[Date ""]
[Round "6"]
[Board "37"]
[White "Galler, Alexander"]
[Black "Froewis, Annika"]
[Result "0-1"]
[WhiteElo "1772"]
[BlackElo "2136"]
[PlyCount "110"]
[EventDate "2020.04.11"]
[EventRounds "9"]
[EventCountry "AUT"]

1. e4 e5 2. Nf3 Nc6 3. Bc4 Bc5 4. c3 Nf6 5. d3 d6 6. Nbd2 a5 7. a4 h6 8. Nf1
O-O 9. Ng3 Be6 10. Bxe6 fxe6 11. O-O d5 12. Re1 Ng4 13. d4 exd4 14. cxd4 Bb4
15. Re2 dxe4 16. Nxe4 Qd5 17. h3 Nf6 18. Nc3 Bxc3 19. bxc3 Rad8 20. Ba3 Rf7 21.
Rb1 b6 22. Ne5 Nxe5 23. Rxe5 Qxe5 24. dxe5 Rxd1+ 25. Rxd1 Ne4 26. f3 Nxc3 27.
Rd8+ Kh7 28. Bb2 Nxa4 29. Ba3 Rf5 30. Rd7 Rxe5 31. Rxc7 Re3 32. Bf8 Kg6 33.
Rxg7+ Kf6 34. Rh7 Nc3 35. Rxh6+ Kf7 36. Bd6 Rd3 37. Bg3 Rd1+ 38. Kh2 a4 39.
Rh7+ Kf6 40. Rh5 b5 41. Be5+ Kg6 42. Rh8 Nd5 43. Ra8 Re1 44. Bd6 Re2 45. Kg3
Ne3 46. Kf4 Nxg2+ 47. Kg4 Ne3+ 48. Kf4 Nd5+ 49. Kg4 Rc2 50. Rg8+ Kf7 51. Rf8+
Kg7 52. Re8 Nf6+ 53. Kg3 Nxe8 54. h4 Nxd6 55. h5 Nf5+ {Chessalex gibt auf}  0-1

[Event "1. OEsterreichische Internet Schach Meisterschaft - Vorrunde 1"]
[Site "Online - Playchess.com"]
[Date ""]
[Round "6"]
[Board "38"]
[White "Rosol, Alexander"]
[Black "Morgunov, Marc"]
[Result "0-1"]
[WhiteElo "1933"]
[BlackElo "2341"]
[PlyCount "56"]
[EventDate "2020.04.11"]
[EventRounds "9"]
[EventCountry "AUT"]

1. e4 c5 2. b4 cxb4 3. a3 bxa3 4. Nf3 Nc6 5. Bxa3 d6 6. d4 Bg4 7. Be2 Bxf3 8.
Bxf3 g6 9. O-O Bg7 10. Bb2 Qb6 11. Bc3 Bxd4 12. Bxd4 Qxd4 13. Nd2 Nf6 14. Ra3
O-O 15. Rd3 Qb6 16. h4 Ne5 17. Re3 a5 18. g4 a4 19. g5 Nfd7 20. h5 a3 21. Nb3
Nc5 22. Be2 Nxb3 23. Rxb3 Qc5 24. Kg2 a2 25. f4 a1=Q 26. Qxa1 Rxa1 27. Rxa1
Qxc2 28. Re3 Nc4 {Nasnaseez gibt auf}  0-1

[Event "1. OEsterreichische Internet Schach Meisterschaft - Vorrunde 1"]
[Site "Online - Playchess.com"]
[Date ""]
[Round "6"]
[Board "39"]
[White "Flir, Emilio"]
[Black "Ragger, Anna-Christina"]
[Result "0-1"]
[WhiteElo "1843"]
[BlackElo "2204"]
[PlyCount "90"]
[EventDate "2020.04.11"]
[EventRounds "9"]
[EventCountry "AUT"]

1. d4 d5 2. c4 e6 3. Nc3 a6 4. cxd5 exd5 5. Nf3 Nf6 6. Bg5 c6 7. e3 h6 8. Bh4
Be7 9. Bd3 Be6 10. O-O Nbd7 11. Re1 O-O 12. Rc1 Re8 13. Bb1 Nf8 14. Ne5 N6d7
15. Bxe7 Qxe7 16. Nxd7 Qxd7 17. e4 dxe4 18. Nxe4 Bd5 19. Ng3 Rxe1+ 20. Qxe1 Re8
21. Qd2 Qe6 22. Bf5 Qf6 23. Qb4 b5 24. Qc3 g6 25. Bb1 Kg7 26. h3 Qe6 27. Kf1
Qd6 28. Re1 Rxe1+ 29. Qxe1 Ne6 30. Qe5+ Qxe5 31. dxe5 Nf4 32. Be4 Bc4+ 33. Ke1
Bxa2 34. Bxc6 Bd5 35. Bxd5 Nxd5 36. Kd2 Kf8 37. Ne4 Ke7 38. g3 g5 39. Kd3 a5
40. Nc5 f6 41. exf6+ Kxf6 42. Ke4 Nb6 43. Nb7 a4 44. Kd4 b4 45. Kc5 a3 {Zeit}
 0-1